sports - Statistics

General Stats
  • This quiz has been taken 13 times
  • The average score is 11 of 15
Answer Stats
Hint Answer % Correct
Home run Baseball
100%
Goal! Football
100%
backstroke Swimming
100%
H_o_k_e_ Hockey
92%
snowy mountain with poles Skiing
92%
puck on ice Ice hockey
83%
Try!!!! Rugby
83%
dancing on ice Figure skating
75%
jump far Long jump
75%
boats and sail's Sailing
75%
water football Water polo
75%
hazat (Australia and Pakistan good at this sport) Cricket
67%
driver Golf
58%
weaklings having to wear pads American football
50%
hit ball in between 2 lines Squash
8%
No matching quizzes found
Score Distribution
Percent of People with Each Score
Percentile by Number Answered
Your Score History
You have not taken this quiz